|
|
|
|
| LEADER |
02379nam a2200517 a 4500 |
| 001 |
nkc20122340884 |
| 003 |
CZ PrNK |
| 005 |
20190404235017.0 |
| 007 |
ta |
| 008 |
120203s2012 xr a e p 001 0 cze |
| 015 |
|
|
|a cnb002340884
|
| 020 |
|
|
|a 978-80-247-3742-3
|q (brož.)
|
| 035 |
|
|
|a (OCoLC)791317723
|
| 040 |
|
|
|a OLA001
|b cze
|d ABA001
|
| 041 |
0 |
|
|a cze
|b eng
|
| 072 |
|
7 |
|a 616
|x Patologie. Klinická medicína
|2 Konspekt
|9 14
|
| 072 |
|
7 |
|a 37.016
|x Učební osnovy. Vyučovací předměty. Učebnice
|2 Konspekt
|9 22
|
| 080 |
|
|
|a 616-006.04
|2 MRF
|
| 080 |
|
|
|a (07)
|2 MRF
|
| 100 |
1 |
|
|a Vorlíček, Jiří,
|d 1944-
|7 jn20000402598
|4 aut
|
| 245 |
1 |
0 |
|a Klinická onkologie pro sestry /
|c Jiří Vorlíček, Jitka Abrahámová, Hilda Vorlíčková a kolektiv
|
| 250 |
|
|
|a 2., přeprac. a dopl. vyd.
|
| 260 |
|
|
|a Praha :
|b Grada,
|c 2012
|
| 300 |
|
|
|a 448 s. :
|b il. ;
|c 21 cm
|
| 490 |
1 |
|
|a Sestra
|
| 504 |
|
|
|a Obsahuje bibliografii a rejstřík
|
| 546 |
|
|
|a Anglické resumé
|
| 650 |
0 |
7 |
|a klinická onkologie
|7 ph309669
|2 czenas
|
| 650 |
0 |
9 |
|a clinical oncology
|2 eczenas
|
| 655 |
|
7 |
|a učební texty
|7 fd133599
|2 czenas
|
| 655 |
|
9 |
|a educational texts
|2 eczenas
|
| 700 |
1 |
|
|a Abrahámová, Jitka,
|d 1943-
|7 jn20001103578
|4 aut
|
| 700 |
1 |
|
|a Vorlíčková, Hilda,
|d 1942-
|7 mzk2006343292
|4 aut
|
| 830 |
|
0 |
|a Sestra (Grada)
|0 s
|
| 856 |
4 |
1 |
|u http://www.digitalniknihovna.cz/mzk/uuid/uuid:0776ae60-f156-11e8-bc37-005056827e51
|y Digitalizovaný dokument
|x NDK
|
| 910 |
2 |
|
|a BOA001
|b 2-1283.029
|
| 990 |
|
|
|a BK
|
| 995 |
|
|
|a 01
|
| 991 |
|
|
|b 201204
|c NOV
|e n
|
| 996 |
6 |
|
|b 2610505806
|c 2-1283.029
|l MZK
|r Sklad / do 1 hodiny
|n 7
|p p.v.
|w 001235114
|u 000010
|a 1
|e BOA001
|j MZK50
|s P
|
| 996 |
7 |
|
|b 2610507624
|c 2-1283.029
|l Vol.výběr
|r VV 1p
|n 21
|p kup
|h 616-006 VOR
|w 001235114
|u 000020
|a 0
|e BOA001
|j MZK50
|s A
|
| 996 |
7 |
|
|b 2610507625
|c 2-1283.029
|l Vol.výběr
|r VV 1p
|n 33
|p kup
|h 616-006 VOR
|w 001235114
|u 000030
|a 0
|e BOA001
|j MZK50
|s A
|
| 996 |
7 |
|
|b 2610507626
|c 2-1283.029
|l Vol.výběr
|r VV 1p
|n 32
|p kup
|h 616-006 VOR
|w 001235114
|u 000040
|a 0
|e BOA001
|j MZK50
|s A
|
| 996 |
6 |
|
|b 2610569271
|c 2-1283.029
|l MZK
|r STM 6p
|n 0
|p kup
|h 616-006 VOR
|w 001235114
|u 000050
|a 0
|e BOA001
|j MZK50
|s P
|
| 996 |
7 |
|
|b 2610570601
|c 2-1283.029
|l Vol.výběr
|r VV 1p
|n 23
|p kup
|h 616-006 VOR
|w 001235114
|u 000060
|a 0
|e BOA001
|j MZK50
|s A
|
| 996 |
7 |
|
|b 2610762857
|c 2-1283.029
|l Vol.výběr
|r VV 1p
|n 15
|p kup
|h 616-006 VOR
|w 001235114
|u 000070
|a 0
|e BOA001
|j MZK50
|s A
|